000 00995nam a22002777a 4500
003 OSt
005 20250130111517.0
008 250130b |||||||| |||| 00| 0 eng d
020 _a9780323642668 (paperback)
040 _aNUST
_beng
_cNUST
_dNUST
_erda
050 _aRB45.15 WAR
100 _aWarekois, Robin S
_eAuthor
245 _aPhlebotomy :
_bworktext and procedures manual /
_cRobin S. Warekois, Richard Robinson, Pamela B. Primrose
250 _aFifth edition.
260 _aAmsterdam :
_bElsevier,
_c2020.
300 _axiii, 370 pages
_billustrations ;
_c26 cm.
336 _2rdamedia
_atext
_btxt
337 _2rdamedia
_aunmediated
_bn
338 _2rdamedia
_avolume
_bnc
504 _aIncludes bibliographic references and index.
650 _vPhlebotomy.
650 _vPhlebotomy -- Examinations, questions, etc
700 _aRobinson, Richard
_eAuthor
700 _aPrimrose, Pamela B
_eAuthor
942 _2lcc
_cBOOKS
_eFifth edition.
_hRB45.15 WAR
_kRB
_mWAR
_n0
999 _c171226
_d171226